Electronic Commerce : A manager's Guide/
সংরক্ষণ করুন:
| প্রধান লেখক: | |
|---|---|
| বিন্যাস: | Sách giấy |
| ভাষা: | English |
| প্রকাশিত: |
MA :
Addison-Wesley,
1997
|
| ট্যাগগুলো: |
ট্যাগ যুক্ত করুন
কোনো ট্যাগ নেই, প্রথমজন হিসাবে ট্যাগ করুন!
|
| Thư viện lưu trữ: | Thư viện Trường Đại học Đà Lạt |
|---|
| LEADER | 00619nam a2200265 4500 | ||
|---|---|---|---|
| 001 | DLU040026426 | ||
| 020 | # | # | |a 0201880679 |
| 040 | # | # | |a dlu |b vie |
| 041 | # | # | |a eng |
| 044 | # | # | |a US |
| 082 | # | # | |a 658.8 |b KA-R |
| 100 | # | # | |a Kalakota, Ravi |
| 245 | # | # | |a Electronic Commerce : |b A manager's Guide/ |c Ravi Kalakota |
| 260 | # | # | |a MA : |b Addison-Wesley, |c 1997 |
| 300 | # | # | |a 431p. |c 24cm. |
| 504 | # | # | |a references [415-431] |
| 992 | # | # | |a 17800 |
| 994 | # | # | |a DLU |
| 900 | # | # | |a True |
| 911 | # | # | |a Lê Thị Mạnh Xuân |
| 925 | # | # | |a G |
| 926 | # | # | |a A |
| 927 | # | # | |a SH |
| 980 | # | # | |a Thư viện Trường Đại học Đà Lạt |


